000 00900nam0a22002531 4500
001 rc\2569022
005 20250623111642.0
035 _a(NLR Aleph) 006733812
090 _a5572247
_c5572247
100 _a20110914d1927 |||y0rusy50 ca
101 0 _arus
102 _aRU
105 _ay z |||||
200 1 _aЗависимость электропроводности кристаллов от температуры
_e(Представлено акад. А. Ф. Иоффе в ОФМ. 1 XII 1926)
_fН. С. Усатая, Б. М. Гохберг
210 _aБ. м.
_cБ. и.
_d[1927]
300 _aОтт. из Доклады Академии наук СССР. 1927. Стр. 57-60
700 1 _aУсатая
_bН.С.
701 1 _aГохберг
_bБ.М.
801 0 _aRU
_bNLR
_gpsbo
801 1 _aRU
_bELAR
_2rusmarc
852 _aNLR
_j32-12/1027
942 _cBOOK
980 _aNB